| 000 | 00934cab a2200277 4500 | ||
|---|---|---|---|
| 001 | ABS53257 | ||
| 008 | 090401t1995 xxu||||| |||| 00| 0 eng d | ||
| 035 | _a(Sirsi) u3014 | ||
| 041 | _aeng | ||
| 245 | _aClose encounters with contaminated land | ||
| 260 | _c1995 | ||
| 350 | _a0 | ||
| 490 |
_aHA Weekly _v(241) 28 July 1995, 13(1) |
||
| 520 | _aWith housing development increasingly on recycled urban land the NFHA has published a guide, "Contaminated land: issues for housing associations" £30.00. Table of typical remediation costs depending on treatment method. | ||
| 650 | _aCLEAN-UP COSTS | ||
| 650 | _aCONTAMINATED LAND | ||
| 650 | _aHOUSE BUILDING | ||
| 650 | _aHOUSING ASSOCIATIONS | ||
| 650 | _aNATIONAL FEDERATION OF HOUSING ASSOCIATIONS | ||
| 650 | _aPOLLUTION | ||
| 690 | _aENVIRONMENTAL AND LAND CONSULTANCY | ||
| 690 | _aHOUSING-DEVELOPMENT | ||
| 690 | _aLAND | ||
| 942 | _n0 | ||
| 948 | _c04/03/1997 | ||
| 999 |
_c1817 _d1817 |
||